000 00913cam a2200229 i 4500
005 20260423103708.0
008 250721s2002 le gr 000 0 ara d
041 1 _aara
_heng
082 1 4 _a417
_bر ا ب
100 1 _aرابين، تشيم
_eمؤلف.
245 1 2 _aاللجهات العربية القديمة في غرب الجزيرة العربية /
_cتأليف تشيم رابين ؛ ترجمه وقدم له وعلق عليه الدكتور عبد الكريم مجاهد.
250 _aالطبعة الأولى.
264 3 1 _aعمان :
_bدار الفارس،
_c2002.
300 _a428 صفحة.
650 1 7 _aاللهجات.
650 1 7 _aاللغة العربية.
650 1 7 _aاللهجات القديمة.
650 1 7 _aشبة الجزيرة العربية.
700 1 _aمجاهد، عبد الكريم
_eمترجم.
942 _2ddc
_cBK
999 _c25677
_d25677